[Event "7.Torneo del Santo B"]
[Site "Padova"]
[Date "2020.02.21"]
[Round "1.7"]
[White "Vitaliani, Marco"]
[Black "Magnabosco, Mauro Denis"]
[Result "1-0"]
[WhiteElo "1840"]
[BlackElo "1711"]
[Annotator "Gabriele Ballarin"]
[PlyCount "77"]
[EventDate "2020.02.21"]
[EventType "swiss"]
[EventRounds "3"]
[EventCountry "ITA"]

1. e4 c5 2. Nf3 e6 3. d4 cxd4 4. Nxd4 Nc6 5. Nc3 a6 6. Be3 Qc7 7. Qd2 Nf6 8. f3 b5 9. O-O-O Bb4 10. Nxc6 Qxc6 11. Bd4 Qc7 12. Qg5 Be7 13. e5 Nd5 14. Qxg7 Rf8 15. Nxd5 exd5 16. Bd3 Bb7 17. f4 O-O-O 18. Bxh7 Bc5 19. h4 Qb6 20. Bxc5 Qxc5 21. Rhf1 Kb8 22. Qf6 Ka8 23. g4 Rc8 24. Qf5 d6 25. exd6 Qxd6 26. Qd3 Rc4 27. Qg3 Rfc8 28. Bf5 Rg8 29. g5 Bc8 30. Bxc8 Rgxc8 31. Rd2 Qg6 32. Qg2 Qf5 33. h5 Rxf4 34. Rxf4 Qxf4 35. Qxd5+ Kb8 36. Qd6+ Qxd6 37. Rxd6 Rg8 38. h6 Rxg5 39. h7 1-0

[Event "7.Torneo del Santo B"]
[Site "Padova"]
[Date "2020.02.21"]
[Round "1.8"]
[White "Buzio, Alberto"]
[Black "Battagin_214, Mosè"]
[Result "1/2-1/2"]
[WhiteElo "1709"]
[BlackElo "1835"]
[Annotator "Gabriele Ballarin"]
[PlyCount "45"]
[EventDate "2020.02.21"]
[EventType "swiss"]
[EventRounds "3"]
[EventCountry "ITA"]

1. e4 d6 2. d4 Nf6 3. Nc3 c6 4. Nf3 Bg4 5. Be2 Nbd7 6. Be3 e5 7. O-O Be7 8. Qd2 O-O 9. Rfe1 Qc7 10. Rad1 b5 11. a3 a6 12. h3 Bh5 13. Nh2 Bg6 14. Bf3 Rac8 15. Ng4 Rfd8 16. Qe2 a5 17. dxe5 Nxe5 18. Nxe5 dxe5 19. Rxd8+ Rxd8 20. Bg5 b4 21. Bxf6 bxc3 22. Bxe7 Qxe7 23. bxc3 1/2-1/2

[Event "7.Torneo del Santo B"]
[Site "Padova"]
[Date "2020.02.21"]
[Round "1.9"]
[White "Scarpa, Alessandra"]
[Black "Tomio, Dante"]
[Result "1/2-1/2"]
[WhiteElo "1796"]
[BlackElo "1700"]
[Annotator "Gabriele Ballarin"]
[PlyCount "50"]
[EventDate "2020.02.21"]
[EventType "swiss"]
[EventRounds "3"]
[EventCountry "ITA"]

1. d4 Nf6 2. Nf3 g6 3. Bf4 Bg7 4. e3 d6 5. h3 O-O 6. c3 c5 7. Be2 b6 8. O-O Bb7 9. Nbd2 Nbd7 10. Nc4 Rc8 11. Nfd2 b5 12. Na3 a6 13. Bf3 Bxf3 14. Nxf3 Nd5 15. Bg3 N7f6 16. Qd3 c4 17. Qe2 Ne4 18. Bh2 f5 19. Nc2 Qd7 20. a3 a5 21. Nd2 Nb6 22. f3 Nxd2 23. Qxd2 d5 24. Qe2 Rfe8 25. Rfe1 e6 1/2-1/2

[Event "7.Torneo del Santo B"]
[Site "Padova"]
[Date "2020.02.21"]
[Round "1.10"]
[White "Mascia, Germano"]
[Black "Dentale, Raffaele"]
[Result "1/2-1/2"]
[WhiteElo "1698"]
[BlackElo "1772"]
[Annotator "Gabriele Ballarin"]
[PlyCount "65"]
[EventDate "2020.02.21"]
[EventType "swiss"]
[EventRounds "3"]
[EventCountry "ITA"]

1. e4 c5 2. Nf3 Nc6 3. c3 d5 4. exd5 Qxd5 5. Na3 Bg4 6. Be2 e5 7. Nc2 Bxf3 8. Bxf3 e4 9. Ne3 Qe5 10. Be2 O-O-O 11. O-O f5 12. f4 Qf6 13. Bc4 Nge7 14. a4 h5 15. b3 Na5 16. Be2 g5 17. Qc2 gxf4 18. Rxf4 Bh6 19. Rf2 Qh4 20. Nxf5 Nxf5 21. Rxf5 Qe1+ 22. Bf1 Rhf8 23. Bb2 Qxd2 24. Qxd2 Rxd2 25. Rxf8+ Bxf8 26. Ba3 Bh6 27. Re1 Nxb3 28. Bc4 Na5 29. Be6+ Kc7 30. Bxc5 Bg7 31. Bb4 Nc6 32. Rxe4 a5 33. Bc5 1/2-1/2

[Event "7.Torneo del Santo B"]
[Site "Padova"]
[Date "2020.02.21"]
[Round "1.11"]
[White "Carola, Paolo"]
[Black "Negro, Raffaele"]
[Result "1-0"]
[WhiteElo "1763"]
[BlackElo "1694"]
[Annotator "Gabriele Ballarin"]
[PlyCount "65"]
[EventDate "2020.02.21"]
[EventType "swiss"]
[EventRounds "3"]
[EventCountry "ITA"]

1. d4 e6 2. c4 Bb4+ 3. Nd2 Nf6 4. a3 Bxd2+ 5. Bxd2 Nc6 6. e3 d5 7. Nf3 b6 8. Rc1 Bb7 9. cxd5 exd5 10. Bb5 O-O 11. Bxc6 Bxc6 12. Rxc6 Ne4 13. O-O Re8 14. Qc2 Nxd2 15. Qxd2 Re6 16. Rfc1 Rxc6 17. Rxc6 Qe7 18. Qc2 Rc8 19. Qf5 Rd8 20. Qe5 Qxe5 21. Nxe5 f6 22. Nd3 Rd7 23. Nf4 Kf7 24. Ne6 Rd6 25. Rxd6 cxd6 26. Nc7 Ke7 27. Nxd5+ Kd7 28. Kf1 Kc6 29. Nc3 b5 30. b4 d5 31. Ke2 a6 32. Kd3 f5 33. f3 1-0

[Event "7.Torneo del Santo B"]
[Site "Padova"]
[Date "2020.02.21"]
[Round "1.12"]
[White "Kadyrbekov, Islam"]
[Black "Riga, Raffaele"]
[Result "1/2-1/2"]
[WhiteElo "1686"]
[BlackElo "1755"]
[Annotator "Gabriele Ballarin"]
[PlyCount "51"]
[EventDate "2020.02.21"]
[EventType "swiss"]
[EventRounds "3"]
[EventCountry "ITA"]

1. d4 Nf6 2. Nf3 e6 3. c4 b6 4. Nc3 Bb4 5. Bg5 Bb7 6. e3 h6 7. Bh4 O-O 8. Bd3 d6 9. O-O Bxc3 10. bxc3 Nbd7 11. Nd2 e5 12. Qc2 Qe8 13. a4 e4 14. Be2 a5 15. Rab1 Nh7 16. Bg3 Rc8 17. Rb2 f5 18. c5 dxc5 19. Nc4 Bd5 20. Ne5 Nxe5 21. Bxe5 c4 22. Ra1 Ng5 23. Kh1 Qe7 24. Rb5 Qd7 25. Qa2 Kh8 26. Bxc4 1/2-1/2

[Event "7.Torneo del Santo B"]
[Site "Padova"]
[Date "2020.02.21"]
[Round "1.13"]
[White "Vujicic, Luigi"]
[Black "Tkac, Miroslav"]
[Result "1-0"]
[WhiteElo "1753"]
[BlackElo "1684"]
[Annotator "Gabriele Ballarin"]
[PlyCount "77"]
[EventDate "2020.02.21"]
[EventType "swiss"]
[EventRounds "3"]
[EventCountry "ITA"]

1. e4 c6 2. d4 d5 3. Nc3 dxe4 4. Nxe4 Bf5 5. Ng3 Bg6 6. Nf3 Nd7 7. h4 h6 8. h5 Bh7 9. Bd3 Bxd3 10. Qxd3 e6 11. Bd2 Ngf6 12. O-O-O Be7 13. Ne4 Nxe4 14. Qxe4 Nf6 15. Qd3 Qd5 16. c4 Qd8 17. Kb1 c5 18. Bc3 Rc8 19. d5 exd5 20. Bxf6 Bxf6 21. Rhe1+ Be7 22. Qxd5 Qxd5 23. Rxd5 Rc7 24. Nh4 O-O 25. Nf5 Bf6 26. Rd6 Rd8 27. Nxh6+ gxh6 28. Rxf6 Kg7 29. Rf5 Rd4 30. b3 b6 31. Rd5 Rxd5 32. cxd5 Rd7 33. Re5 Kf6 34. f4 Re7 35. Rxe7 Kxe7 36. g4 f6 37. g5 hxg5 38. fxg5 fxg5 39. h6 1-0

[Event "7.Torneo del Santo B"]
[Site "Padova"]
[Date "2020.02.22"]
[Round "2.1"]
[White "Carola, Paolo"]
[Black "Panican, Gheorghe"]
[Result "1/2-1/2"]
[WhiteElo "1763"]
[BlackElo "1893"]
[Annotator "Gabriele Ballarin"]
[PlyCount "74"]
[EventDate "2020.02.21"]
[EventType "swiss"]
[EventRounds "3"]
[EventCountry "ITA"]

1. d4 Nf6 2. Bg5 e6 3. Nf3 Be7 4. c4 d6 5. e3 Nbd7 6. Nc3 h6 7. Bf4 Nh5 8. Bg3 Nxg3 9. hxg3 c6 10. Qc2 a6 11. O-O-O b5 12. d5 exd5 13. Nd4 Qc7 14. cxd5 c5 15. Nf5 Bf8 16. Qe4+ Kd8 17. Qf4 g5 18. Qf3 b4 19. Nb1 Ne5 20. Qe4 Qd7 21. g4 Nxg4 22. Qxg4 Qxf5 23. Qxf5 Bxf5 24. Be2 Bg7 25. Nd2 a5 26. Nc4 Ke7 27. g4 Bg6 28. Rh3 Rhb8 29. Bd3 Bxd3 30. Rxd3 a4 31. e4 f6 32. Ne3 Rd8 33. Nf5+ Kf7 34. Rh5 Ra6 35. Rdh3 Rh8 36. Nxh6+ Rxh6 37. Rxh6 Bxh6 1/2-1/2

[Event "7.Torneo del Santo B"]
[Site "Padova"]
[Date "2020.02.22"]
[Round "2.2"]
[White "Vujicic, Luigi"]
[Black "Zanirato, Stefano"]
[Result "1/2-1/2"]
[WhiteElo "1753"]
[BlackElo "1873"]
[Annotator "Gabriele Ballarin"]
[PlyCount "45"]
[EventDate "2020.02.21"]
[EventType "swiss"]
[EventRounds "3"]
[EventCountry "ITA"]

1. e4 Nc6 2. Nf3 Nf6 3. e5 Ng4 4. d4 d5 5. h3 Nh6 6. Bd3 g6 7. c3 a6 8. a4 Bf5 9. Bxh6 Bxh6 10. Bxf5 gxf5 11. e6 O-O 12. g4 fxe6 13. Ne5 Nxe5 14. dxe5 f4 15. g5 Bg7 16. Qg4 Rf5 17. Nd2 Rxe5+ 18. Kf1 Qf8 19. Nf3 Re4 20. Nd2 Re5 21. Nf3 Re4 22. Nd2 Re5 23. Nf3 1/2-1/2

[Event "7.Torneo del Santo B"]
[Site "Padova"]
[Date "2020.02.22"]
[Round "2.3"]
[White "Feltrin, Francesco"]
[Black "Budyi, Danylo"]
[Result "1-0"]
[WhiteElo "1854"]
[BlackElo "1728"]
[Annotator "Gabriele Ballarin"]
[PlyCount "91"]
[EventDate "2020.02.21"]
[EventType "swiss"]
[EventRounds "3"]
[EventCountry "ITA"]

1. d4 d5 2. Bg5 h6 3. Bh4 Qd6 4. Nc3 e6 5. Qd2 a6 6. e4 Be7 7. Bg3 Qd8 8. Nf3 Nf6 9. Bd3 dxe4 10. Nxe4 Nxe4 11. Bxe4 Nd7 12. O-O Nf6 13. Bd3 O-O 14. Rad1 Bd6 15. Ne5 Nh5 16. Qe2 Nxg3 17. fxg3 Bxe5 18. dxe5 Qe7 19. Qe4 g6 20. Rf4 Rb8 21. Rdf1 Bd7 22. Rh4 Qc5+ 23. Kh1 Bc6 24. Qf4 g5 25. Qf6 gxh4 26. Qxh6 f5 27. Qg6+ Kh8 28. Rf4 Qe7 29. Rxh4+ Qxh4 30. gxh4 Rbe8 31. Kg1 Re7 32. g3 Bb5 33. Bxb5 axb5 34. h5 Rff7 35. Kf2 f4 36. Qh6+ Kg8 37. g4 Rd7 38. Kf3 Rd2 39. Qxe6 Rxh2 40. g5 Kf8 41. h6 Re7 42. Qf6+ Ke8 43. e6 Rh3+ 44. Kg4 Rg3+ 45. Kxf4 Re3 46. Qh8# 1-0

[Event "7.Torneo del Santo B"]
[Site "Padova"]
[Date "2020.02.22"]
[Round "2.4"]
[White "Di Maulo, Alessandra"]
[Black "Palka, Miroslav"]
[Result "1/2-1/2"]
[WhiteElo "1711"]
[BlackElo "1854"]
[Annotator "Gabriele Ballarin"]
[PlyCount "61"]
[EventDate "2020.02.21"]
[EventType "swiss"]
[EventRounds "3"]
[EventCountry "ITA"]

1. e4 c5 2. Nf3 d6 3. d4 cxd4 4. Qxd4 Nc6 5. Qe3 Nf6 6. h3 g6 7. Be2 Bg7 8. O-O O-O 9. Rd1 Qc7 10. c4 Be6 11. Nc3 Rac8 12. Rb1 a6 13. b3 Nd7 14. Bb2 Qa5 15. Nd5 Bxb2 16. Rxb2 Qc5 17. Qh6 f6 18. h4 Rf7 19. Nf4 Nf8 20. Rbd2 Bg4 21. Rd5 Qa3 22. h5 Bxf3 23. hxg6 Nxg6 24. Bxf3 Nxf4 25. Qxf4 Ne5 26. Bg4 Rcf8 27. Be6 Qxa2 28. Bxf7+ Rxf7 29. Qg3+ Rg7 30. Qh3 Qe2 31. Qe6+ 1/2-1/2

[Event "7.Torneo del Santo B"]
[Site "Padova"]
[Date "2020.02.22"]
[Round "2.5"]
[White "Battagin_214, Mosè"]
[Black "Mascia, Germano"]
[Result "1/2-1/2"]
[WhiteElo "1835"]
[BlackElo "1698"]
[Annotator "Gabriele Ballarin"]
[PlyCount "66"]
[EventDate "2020.02.21"]
[EventType "swiss"]
[EventRounds "3"]
[EventCountry "ITA"]

1. e4 e6 2. d3 d5 3. Nd2 Nf6 4. Ngf3 c5 5. g3 Nc6 6. Bg2 Be7 7. O-O O-O 8. e5 Nd7 9. Re1 Qc7 10. Qe2 b6 11. h4 Nb4 12. Nf1 Ba6 13. a3 Nc6 14. Bf4 c4 15. d4 Qc8 16. c3 Re8 17. Bh3 Nf8 18. Ne3 Qd8 19. Ng4 Ng6 20. Bd2 Na5 21. h5 Nf8 22. Bf4 Nb3 23. Rab1 Bc8 24. Qe3 b5 25. h6 g6 26. Bg5 Nd7 27. Qf4 a5 28. Rbd1 Rf8 29. Bxe7 Qxe7 30. Nf6+ Nxf6 31. exf6 Qb7 32. Ng5 Qb8 33. Qe3 Ra6 1/2-1/2

[Event "7.Torneo del Santo B"]
[Site "Padova"]
[Date "2020.02.22"]
[Round "2.6"]
[White "Riga, Raffaele"]
[Black "Scarpa, Alessandra"]
[Result "1/2-1/2"]
[WhiteElo "1755"]
[BlackElo "1796"]
[Annotator "Gabriele Ballarin"]
[PlyCount "113"]
[EventDate "2020.02.21"]
[EventType "swiss"]
[EventRounds "3"]
[EventCountry "ITA"]

1. e4 c6 2. d4 d5 3. Nc3 dxe4 4. Nxe4 Bf5 5. Ng3 Bg6 6. h4 h6 7. Nf3 Nd7 8. h5 Bh7 9. Bd3 Bxd3 10. Qxd3 Ngf6 11. Bd2 e6 12. O-O-O Qc7 13. Kb1 O-O-O 14. c4 Be7 15. Bc3 Rhe8 16. Ne4 Ng4 17. Qe2 Bf8 18. Rh4 f5 19. Ng3 Bd6 20. Nf1 e5 21. c5 Be7 22. Rxg4 fxg4 23. Nxe5 Nxe5 24. dxe5 Rxd1+ 25. Qxd1 Bxc5 26. Qxg4+ Qd7 27. Qxd7+ Kxd7 28. f4 Rg8 29. Bd2 Ke6 30. Kc2 Bd4 31. Ng3 Rd8 32. Ne4 b6 33. b3 Kf5 34. Nd6+ Kg4 35. Nf7 Rd7 36. e6 Re7 37. Nd8 c5 38. Kd3 Re8 39. Nc6 Rxe6 40. Nxa7 Bf2 41. a4 Kxh5 42. Nb5 Kg4 43. Bc3 Re3+ 44. Kc4 g6 45. Kd5 Bg3 46. Kc6 Re6+ 47. Kd5 Kf5 48. Nd6+ Rxd6+ 49. Kxd6 Bxf4+ 50. Kc6 Be3 51. b4 cxb4 52. Bxb4 h5 53. Bd6 h4 54. Bc7 Kg4 55. Bxb6 Bd2 56. Bf2 g5 57. Kb5 1/2-1/2

[Event "7.Torneo del Santo B"]
[Site "Padova"]
[Date "2020.02.22"]
[Round "2.7"]
[White "Dentale, Raffaele"]
[Black "Kadyrbekov, Islam"]
[Result "1-0"]
[WhiteElo "1772"]
[BlackElo "1686"]
[Annotator "Gabriele Ballarin"]
[PlyCount "69"]
[EventDate "2020.02.21"]
[EventType "swiss"]
[EventRounds "3"]
[EventCountry "ITA"]

1. e4 d5 2. exd5 Qxd5 3. Nc3 Qd8 4. Bc4 Nf6 5. d4 Bg4 6. f3 Bf5 7. g4 Bg6 8. h4 h5 9. g5 Nfd7 10. Nge2 e6 11. Nf4 Bf5 12. g6 Bxg6 13. Nxg6 fxg6 14. Qe2 Bb4 15. Bxe6 Qe7 16. Bd2 Bxc3 17. Bxc3 Na6 18. Bxd7+ Kxd7 19. Qxe7+ Kxe7 20. d5 Kf7 21. O-O-O Rad8 22. Rhg1 Nc5 23. Rg5 Na4 24. Be5 Rd7 25. c4 Re8 26. Rdg1 Rde7 27. f4 Nc5 28. Kc2 Nd7 29. Rxg6 Nxe5 30. Rxg7+ Kf6 31. fxe5+ Rxe5 32. R1g6+ Kf5 33. Rg5+ Ke4 34. Rxe5+ Kxe5 35. Rxc7 1-0

[Event "7.Torneo del Santo B"]
[Site "Padova"]
[Date "2020.02.22"]
[Round "2.8"]
[White "Tomio, Dante"]
[Black "Buzio, Alberto"]
[Result "0-1"]
[WhiteElo "1700"]
[BlackElo "1709"]
[Annotator "Gabriele Ballarin"]
[PlyCount "76"]
[EventDate "2020.02.21"]
[EventType "swiss"]
[EventRounds "3"]
[EventCountry "ITA"]

1. d4 Nf6 2. Nf3 d5 3. Bg5 Bf5 4. e3 e6 5. c4 Be7 6. Nc3 dxc4 7. Bxc4 Nbd7 8. O-O O-O 9. h3 Ne4 10. Bf4 c6 11. Rc1 Ndf6 12. Ne5 Nd5 13. Bxd5 exd5 14. Nxe4 Bxe4 15. f3 Bf5 16. Qe2 Bd6 17. e4 Be6 18. Be3 dxe4 19. fxe4 Bxa2 20. Ng4 Be6 21. e5 Be7 22. Rcd1 Bg5 23. Bf2 Kh8 24. Nh2 Qd7 25. Qh5 Be7 26. Be3 g6 27. Qh6 Rg8 28. Bg5 Bxg5 29. Qxg5 Qd8 30. Rf6 Kg7 31. h4 h6 32. Qf4 Qd5 33. Rf1 Rad8 34. Nf3 Rd7 35. Kh2 Bf5 36. Rd6 Rxd6 37. exd6 Rd8 38. g4 Bd3 0-1

[Event "7.Torneo del Santo B"]
[Site "Padova"]
[Date "2020.02.22"]
[Round "2.9"]
[White "Di Lascio, Savino"]
[Black "De Paolis, Alex"]
[Result "0-1"]
[WhiteElo "1878"]
[BlackElo "1719"]
[Annotator "Gabriele Ballarin"]
[PlyCount "76"]
[EventDate "2020.02.21"]
[EventType "swiss"]
[EventRounds "3"]
[EventCountry "ITA"]

1. Nf3 Nf6 2. g3 e6 3. Bg2 d5 4. O-O Be7 5. d3 O-O 6. Nbd2 Nc6 7. c4 b6 8. a3 a5 9. b3 Bb7 10. Bb2 Re8 11. Ra2 Ra7 12. Qa1 h6 13. Rc1 Nb8 14. Nd4 c5 15. Nb5 Ra8 16. Be5 Na6 17. e4 d4 18. Bxf6 Bxf6 19. e5 Bxg2 20. exf6 Bc6 21. fxg7 Nc7 22. Nxc7 Qxc7 23. Re1 Kxg7 24. Qd1 f5 25. Nf3 e5 26. Nh4 Qf7 27. Rae2 Qf6 28. Qd2 f4 29. b4 Kh7 30. bxc5 bxc5 31. Rb1 Rg8 32. Kf1 fxg3 33. hxg3 Rxg3 34. Rxe5 Qxh4 35. Re7+ Rg7 36. Rxg7+ Kxg7 37. f3 Qh1+ 38. Kf2 Qxf3+ 0-1

[Event "7.Torneo del Santo B"]
[Site "Padova"]
[Date "2020.02.22"]
[Round "2.10"]
[White "Tonon, Lorenzo"]
[Black "Niccoli, Paolo"]
[Result "1-0"]
[WhiteElo "1713"]
[BlackElo "1876"]
[Annotator "Gabriele Ballarin"]
[PlyCount "137"]
[EventDate "2020.02.21"]
[EventType "swiss"]
[EventRounds "3"]
[EventCountry "ITA"]

1. d4 Nf6 2. Bg5 Ne4 3. h4 c5 4. dxc5 Qa5+ 5. Nd2 Nxg5 6. hxg5 Qxc5 7. Ngf3 Nc6 8. c3 d5 9. g6 fxg6 10. e3 e5 11. Be2 Bg4 12. Ng5 Bf5 13. e4 dxe4 14. Ngxe4 Qe7 15. Qa4 Bd7 16. Qb3 O-O-O 17. O-O-O Kb8 18. Kb1 Na5 19. Qd5 Nc6 20. Qb3 Qe8 21. Ka1 Be7 22. Nc4 Be6 23. Qa4 Qf7 24. f3 h6 25. Ncd6 Bxd6 26. Nxd6 Qe7 27. Ne4 Bd5 28. Bd3 Rhf8 29. Bc2 Qc7 30. Qb5 a6 31. Qc5 b6 32. Qe3 Na5 33. b3 Bb7 34. Rhe1 Rc8 35. Kb2 Rfd8 36. Nf2 Rxd1 37. Rxd1 g5 38. Ne4 Bxe4 39. Bxe4 Rd8 40. Rd5 Rxd5 41. Bxd5 Qd6 42. Qe4 b5 43. b4 Nc4+ 44. Bxc4 Qd2+ 45. Qc2 Qxc2+ 46. Kxc2 bxc4 47. Kd2 Kc7 48. Ke3 Kd6 49. Ke4 g6 50. a4 Ke6 51. b5 axb5 52. axb5 Kd6 53. b6 Kc6 54. Kxe5 Kxb6 55. Kd5 Kb5 56. Kd4 h5 57. Kd5 g4 58. fxg4 hxg4 59. g3 Kb6 60. Kxc4 Kc6 61. Kd4 Kd6 62. Ke4 Kc5 63. Kf4 Kc4 64. Kxg4 Kxc3 65. Kg5 Kd4 66. Kxg6 Ke5 67. g4 Ke6 68. g5 Ke7 69. Kh7 1-0

[Event "7.Torneo del Santo B"]
[Site "Padova"]
[Date "2020.02.22"]
[Round "2.11"]
[White "Haller, Quentin"]
[Black "Magnabosco, Mauro Denis"]
[Result "1/2-1/2"]
[WhiteElo "1849"]
[BlackElo "1711"]
[Annotator "Gabriele Ballarin"]
[PlyCount "60"]
[EventDate "2020.02.21"]
[EventType "swiss"]
[EventRounds "3"]
[EventCountry "ITA"]

1. d4 Nf6 2. Bf4 e6 3. e3 b6 4. Nf3 Bb7 5. Nbd2 Be7 6. h3 d6 7. Be2 Nbd7 8. c3 a6 9. Bh2 c5 10. Qb3 b5 11. a4 O-O 12. axb5 axb5 13. O-O Bd5 14. Qxb5 Rb8 15. Qa6 Rxb2 16. Rfb1 Rxb1+ 17. Rxb1 Qa8 18. Ra1 Qxa6 19. Rxa6 Ra8 20. Rxa8+ Bxa8 21. Ne1 d5 22. c4 cxd4 23. exd4 dxc4 24. Nxc4 Bd5 25. Ne3 Bb4 26. N1c2 Bc3 27. Bc4 Nb6 28. Bxd5 Nbxd5 29. Be5 Nxe3 30. fxe3 Nd7 1/2-1/2

[Event "7.Torneo del Santo B"]
[Site "Padova"]
[Date "2020.02.22"]
[Round "2.12"]
[White "Brini, Dario"]
[Black "Negro, Raffaele"]
[Result "1/2-1/2"]
[WhiteElo "1732"]
[BlackElo "1694"]
[Annotator "Gabriele Ballarin"]
[PlyCount "114"]
[EventDate "2020.02.21"]
[EventType "swiss"]
[EventRounds "3"]
[EventCountry "ITA"]

1. e4 b6 2. d4 Bb7 3. Nc3 e6 4. Bd3 Nf6 5. Nge2 d5 6. exd5 Nxd5 7. O-O Nxc3 8. bxc3 Bd6 9. Bf4 Bxf4 10. Nxf4 Qg5 11. g3 Nd7 12. Qe2 O-O 13. h4 Qh6 14. Be4 Bxe4 15. Qxe4 Nf6 16. Qc6 g5 17. hxg5 Qxg5 18. Qxc7 Ne4 19. Rae1 Rfc8 20. Qb7 Nxc3 21. Re3 Nd5 22. Nxd5 Qxd5 23. Qxd5 exd5 24. c3 Rc4 25. Rfe1 Rac8 26. Re8+ Rxe8 27. Rxe8+ Kg7 28. Re3 Ra4 29. Re2 Ra3 30. Rc2 Kf6 31. Kf1 Kf5 32. f3 Ra4 33. Ke2 Rc4 34. Kd3 b5 35. Re2 b4 36. Re5+ Kf6 37. cxb4 Rxb4 38. Rxd5 Ra4 39. Rd6+ Ke7 40. Rh6 Rxa2 41. Rxh7 a5 42. Rh5 a4 43. Ra5 Ra1 44. Ke4 a3 45. Kf5 a2 46. f4 Rd1 47. Rxa2 Rxd4 48. Ra7+ Ke8 49. g4 Rd5+ 50. Kf6 Rd6+ 51. Kg5 Kf8 52. f5 Kg7 53. Re7 Ra6 54. Kf4 Ra4+ 55. Re4 Ra1 56. g5 Rf1+ 57. Kg4 Rg1+ 1/2-1/2

[Event "7.Torneo del Santo B"]
[Site "Padova"]
[Date "2020.02.22"]
[Round "2.13"]
[White "Lo Gatto, Riccardo"]
[Black "Tkac, Miroslav"]
[Result "1-0"]
[WhiteElo "1720"]
[BlackElo "1684"]
[Annotator "Gabriele Ballarin"]
[PlyCount "71"]
[EventDate "2020.02.21"]
[EventType "swiss"]
[EventRounds "3"]
[EventCountry "ITA"]

1. e4 c6 2. d4 d5 3. e5 Bf5 4. h4 h6 5. c4 e6 6. Nc3 Bb4 7. a3 Bxc3+ 8. bxc3 Ne7 9. Nf3 Nd7 10. cxd5 Nxd5 11. c4 Ne7 12. Be2 Qc7 13. Bb2 Rd8 14. Qb3 Nb6 15. a4 O-O 16. Ba3 Rfe8 17. h5 Be4 18. Bd6 Qd7 19. Nd2 Bh7 20. Bd3 Bxd3 21. Qxd3 Nf5 22. Ne4 Nc8 23. Nc5 Qxd6 24. exd6 Rxd6 25. Nxb7 Rxd4 26. Qc3 Nb6 27. Na5 Re4+ 28. Kf1 Rd8 29. Re1 Rf4 30. g3 Rfd4 31. Nxc6 Rxc4 32. Qxc4 Nxc4 33. Nxd8 Nd4 34. Rc1 Nd2+ 35. Kg2 N2f3 36. Nc6 1-0

[Event "7.Torneo del Santo B"]
[Site "Padova"]
[Date "2020.02.22"]
[Round "3.1"]
[White "Panican, Gheorghe"]
[Black "Feltrin, Francesco"]
[Result "1/2-1/2"]
[WhiteElo "1893"]
[BlackElo "1854"]
[Annotator "Gabriele Ballarin"]
[PlyCount "55"]
[EventDate "2020.02.21"]
[EventType "swiss"]
[EventRounds "3"]
[EventCountry "ITA"]

1. e4 c5 2. Nf3 d6 3. g3 Nc6 4. Bg2 g6 5. O-O Bg7 6. d3 e6 7. c3 Nge7 8. Nbd2 O-O 9. Re1 Rb8 10. a4 a6 11. Nb3 b5 12. axb5 axb5 13. d4 c4 14. Nbd2 d5 15. e5 b4 16. Nf1 Bd7 17. N3d2 Ra8 18. Rxa8 Qxa8 19. Ne3 Qa5 20. Qc2 Qa2 21. Qb1 Ra8 22. Qxa2 Rxa2 23. Nf3 Nc8 24. Nd1 Nb6 25. cxb4 Nxb4 26. Nc3 Ra1 27. Bd2 Rxe1+ 28. Nxe1 1/2-1/2

[Event "7.Torneo del Santo B"]
[Site "Padova"]
[Date "2020.02.22"]
[Round "3.2"]
[White "Zanirato, Stefano"]
[Black "Carola, Paolo"]
[Result "1-0"]
[WhiteElo "1873"]
[BlackElo "1763"]
[Annotator "Gabriele Ballarin"]
[PlyCount "83"]
[EventDate "2020.02.21"]
[EventType "swiss"]
[EventRounds "3"]
[EventCountry "ITA"]

1. e4 e5 2. Nf3 Nc6 3. d4 exd4 4. Bc4 Nf6 5. O-O Nxe4 6. Re1 d5 7. Bxd5 Qxd5 8. Nc3 Qf5 9. Nxe4 Be6 10. Nh4 Qa5 11. Bd2 Bb4 12. c3 dxc3 13. bxc3 Be7 14. c4 Qa6 15. Ng5 O-O-O 16. Nxe6 fxe6 17. Nf3 Qxc4 18. Rc1 Qxa2 19. Ra1 Qd5 20. Qe2 Rhf8 21. Be3 a6 22. Reb1 Ne5 23. Nd4 Bc5 24. Nb3 Bxe3 25. Qxe3 Nc6 26. Nc5 Nd4 27. Re1 Rf6 28. Kh1 Rg6 29. f3 Qg5 30. Qf2 Rd5 31. Ne4 Qf4 32. Re2 Rh6 33. g3 Qe5 34. Ree1 Nf5 35. Rac1 c6 36. Qb6 Nd4 37. Rb1 Rb5 38. Rxb5 axb5 39. Ra1 Qc7 40. Ra8+ Kd7 41. Qxd4+ Ke7 42. Qxg7# 1-0

[Event "7.Torneo del Santo B"]
[Site "Padova"]
[Date "2020.02.22"]
[Round "3.3"]
[White "Palka, Miroslav"]
[Black "Vujicic, Luigi"]
[Result "1/2-1/2"]
[WhiteElo "1854"]
[BlackElo "1753"]
[Annotator "Gabriele Ballarin"]
[PlyCount "68"]
[EventDate "2020.02.21"]
[EventType "swiss"]
[EventRounds "3"]
[EventCountry "ITA"]

1. c4 e5 2. Nc3 Bb4 3. e4 Bxc3 4. bxc3 d6 5. g3 Ne7 6. Bg2 O-O 7. Ne2 Nbc6 8. O-O f5 9. d4 fxe4 10. Bxe4 Bf5 11. Bg2 Rb8 12. Be3 b6 13. Bg5 Na5 14. dxe5 h6 15. exd6 hxg5 16. dxe7 Qxe7 17. Nd4 Rbd8 18. Bd5+ Rxd5 19. cxd5 Bh3 20. Qd3 Bxf1 21. Rxf1 Rd8 22. c4 Qf6 23. Re1 Rf8 24. Re2 Nb7 25. Qe3 Nc5 26. Qe5 Qxe5 27. Rxe5 Rxf2 28. Ne6 Rc2 29. Nxg5 Kf8 30. Rf5+ Kg8 31. Re5 Kf8 32. h4 Rxc4 33. Rf5+ Kg8 34. Re5 Kf8 1/2-1/2

[Event "7.Torneo del Santo B"]
[Site "Padova"]
[Date "2020.02.22"]
[Round "3.4"]
[White "Buzio, Alberto"]
[Black "Dentale, Raffaele"]
[Result "1/2-1/2"]
[WhiteElo "1709"]
[BlackElo "1772"]
[Annotator "Gabriele Ballarin"]
[PlyCount "39"]
[EventDate "2020.02.21"]
[EventType "swiss"]
[EventRounds "3"]
[EventCountry "ITA"]

1. e4 c5 2. Nf3 Nc6 3. d4 cxd4 4. Nxd4 Nf6 5. Nc3 d6 6. h3 e5 7. Nb3 Be7 8. Be3 Be6 9. Be2 d5 10. exd5 Nxd5 11. Nxd5 Bxd5 12. Bf3 e4 13. Be2 O-O 14. O-O f5 15. Qd2 Be6 16. Rfd1 b6 17. Qxd8 Raxd8 18. Rxd8 Rxd8 19. Rd1 Rxd1+ 20. Bxd1 1/2-1/2

[Event "7.Torneo del Santo B"]
[Site "Padova"]
[Date "2020.02.22"]
[Round "3.5"]
[White "Battagin_214, Mosè"]
[Black "Di Maulo, Alessandra"]
[Result "1/2-1/2"]
[WhiteElo "1835"]
[BlackElo "1711"]
[Annotator "Gabriele Ballarin"]
[PlyCount "119"]
[EventDate "2020.02.21"]
[EventType "swiss"]
[EventRounds "3"]
[EventCountry "ITA"]

1. e4 e5 2. Nf3 Nc6 3. Bc4 Bc5 4. b4 Bxb4 5. c3 Ba5 6. d4 exd4 7. O-O Nf6 8. e5 d5 9. exd6 Qxd6 10. Ba3 Qf4 11. Re1+ Be6 12. Bxe6 fxe6 13. Rxe6+ Kd7 14. Rxc6 bxc6 15. Nxd4 Kc8 16. Qd3 Kb7 17. Nd2 Rhe8 18. Rb1+ Bb6 19. c4 Rad8 20. N2f3 Ka8 21. c5 Qe4 22. Qxe4 Nxe4 23. cxb6 axb6 24. Nxc6 Rd3 25. Bb4 Kb7 26. Nfe5 Rd5 27. f3 Nf6 28. Rc1 Re6 29. Be1 Red6 30. a3 Nh5 31. g3 h6 32. Kg2 Rd1 33. Rxd1 Rxd1 34. Bb4 Ra1 35. f4 Ra2+ 36. Kh3 Nf6 37. Bf8 Ne8 38. g4 h5 39. gxh5 Nf6 40. Bxg7 Nxh5 41. Bh6 Rxa3+ 42. Kg4 Nf6+ 43. Kf5 Ng8 44. Bg5 Ra8 45. Kg6 b5 46. h4 Re8 47. Kf7 Ra8 48. h5 Kb6 49. h6 Nxh6+ 50. Bxh6 Kc5 51. Bf8+ Kd5 52. Bb4 Ke4 53. Ng6 Ra4 54. Ke6 Ra6 55. Kd7 Kf5 56. Nge7+ Kxf4 57. Nd5+ Ke4 58. Nxc7 Ra4 59. Nxb5 Rxb4 60. Nxb4 1/2-1/2